Municípios que compõem a Região Metropolitana de São Paulo - Statistics

Estatísticas Gerais
  • Esse quiz foi jogado 568 vezes
  • A pontuação média é 22 de 39
Estatísticas das Respostas
Município % Correto
Santo André
92%
Diadema
89%
Guarulhos
88%
São Bernardo do Campo
88%
Osasco
86%
São Caetano do Sul
84%
São Paulo
84%
Barueri
71%
Embu das Artes
70%
Mauá
70%
Mogi das Cruzes
70%
Suzano
65%
Taboão da Serra
63%
Itaquaquecetuba
62%
Ferraz de Vasconcelos
60%
Poá
59%
Cotia
58%
Carapicuíba
57%
Francisco Morato
57%
Franco da Rocha
55%
Embu-Guaçu
53%
Itapecerica da Serra
53%
Arujá
51%
Itapevi
50%
Jandira
49%
Caieiras
48%
Mairiporã
48%
Ribeirão Pires
47%
Cajamar
45%
Santana de Parnaíba
44%
Rio Grande da Serra
33%
Santa Isabel
32%
Salesópolis
29%
Guararema
28%
Vargem Grande Paulista
27%
Juquitiba
24%
São Lourenço da Serra
24%
Biritiba Mirim
23%
Pirapora do Bom Jesus
21%
Nenhum quiz correspondente encontrado
Distribuição das Pontuações
Porcentagem de Pessoas com Cada Pontuação
Percentil de Números Respondidos
Sua Pontuação Histórica
Você não jogou esse quiz